000 00572nam a2200181 a 4500
001 000042584
005 20201002040243.0
008 140128s2013 pr 000 0 spa d
020 _a9789945581102
040 _aDO-SdBNP
_bspa
_cBNPHU
100 1 _aDávila, Tere
_969835
245 1 0 _aLego y otros pájaros raros. /
_cTere Dávila.
260 _aSan Juan, Puerto Rico, :
_bIsla Negra,
_c2013.
300 _a153 p. ;
_c20 cm.
490 1 _aEl rostro la máscara
500 _aIncluye datos biografícos en la solapa de la portada
830 0 _aEl rostro la máscara
_969836
999 _c42073
_d42073